Sports Quiz

Random Sports or Clickable Quiz

Big 4 Athletes Sorting Blitz Quiz Stats

Quiz Updated Nov 13, 2017

Challenge
Share
Tweet
Embed
Score 0/48 Timer 01:30
0 Plays Today
% Correct
???
52.9%
???
51.7%
???
50.3%
???
48.1%
???
48%
???
47.9%
???
47.5%
???
47.4%
???
47.3%
???
46.8%
???
46.3%
???
45.9%
???
45.8%
???
45.8%
???
45.7%
???
45.7%
???
45.2%
???
45.1%
???
45%
???
45%
???
44.9%
???
44.1%
???
44.1%
???
43.9%
% Correct
???
43.9%
???
43.9%
???
43.4%
???
43.2%
???
43.1%
???
42.7%
???
42.5%
???
42.4%
???
42.4%
???
42%
???
42%
???
41.6%
???
41.3%
???
41.2%
???
39.9%
???
39.6%
???
36%
???
35.2%
???
34.6%
???
33.6%
???
31.2%
???
30.9%
???
29.3%
???
28.8%

You're not logged in!

Compare scores with friends on all Sporcle quizzes.
Sign Up with Email
OR
Log In

You Might Also Like...

Show Comments

Extras

Top Quizzes Today


Score Distribution

Your Account Isn't Verified!

In order to create a playlist on Sporcle, you need to verify the email address you used during registration. Go to your Sporcle Settings to finish the process.